Statistics for Oldest Current Day Flags

Click here to take the quiz!

General Stats

  • This quiz has been taken 37 times
    (36 since last reset)
  • The average score is 5 of 10

Answer Stats

AdoptedCountry% Correct
1219Denmark
100%
1801United Kingdom
86%
1830France
75%
1660Netherlands
72%
1818Argentina
36%
1828Uruguay
36%
1817Chile
31%
1825Peru
28%
1743Nepal
25%
1831Tunisia
11%

Score Distribution

Percentile by Number Answered

Percent of People with Each Score

Your Score History

You have not taken this quiz since the last reset